Computational Methods and GIS Applications in Social Science / (Record no. 616533)

000 -LEADER
fixed length control field 00534nam a22001817a 4500
003 - CONTROL NUMBER IDENTIFIER
control field NUST
005 - DATE AND TIME OF LATEST TRANSACTION
control field 20260305144646.0
008 - FIXED-LENGTH DATA ELEMENTS--GENERAL INFORMATION
fixed length control field 260305b ||||| |||| 00| 0 eng d
020 ## - INTERNATIONAL STANDARD BOOK NUMBER
International Standard Book Number 978-1032273266
082 ## - DEWEY DECIMAL CLASSIFICATION NUMBER
Classification number 910.285
Author Mark LIN
100 ## - MAIN ENTRY--PERSONAL NAME
Personal name Fahui Wang & Lingbo Liu.
9 (RLIN) 133587
245 ## - TITLE STATEMENT
Title Computational Methods and GIS Applications in Social Science /
Statement of responsibility, etc. Fahui Wang & Lingbo Liu.
250 ## - EDITION STATEMENT
Edition statement 3rd Edition
260 ## - PUBLICATION, DISTRIBUTION, ETC.
Place of publication, distribution, etc. Boca Rotan:
Name of publisher, distributor, etc. CRC Press,
Date of publication, distribution, etc. 2025.
300 ## - PHYSICAL DESCRIPTION
Extent 406 p ;
Dimensions 36.00 cm
563 ## - BINDING INFORMATION
Binding note Hardcover
942 ## - ADDED ENTRY ELEMENTS (KOHA)
Source of classification or shelving scheme
Koha item type Book
Holdings
Withdrawn status Lost status Source of classification or shelving scheme Damaged status Not for loan Permanent Location Current Location Date acquired Total Checkouts Full call number Barcode Date last seen Price effective from Koha item type
          Institute of Geographical Information Systems (IGIS) Institute of Geographical Information Systems (IGIS) 03/05/2026   910.285 LIN IGIS-375 03/05/2026 03/05/2026 Book
© 2023 Central Library, National University of Sciences and Technology. All Rights Reserved.